Loading...
Microbial biochemistry /
| Main Author: | |
|---|---|
| Format: | Printed Book |
| Published: |
New Delhi :
Springer ,
2005.
|
| Subjects: |
| LEADER | 00445cam a2200145ua 4500 | ||
|---|---|---|---|
| 020 | |a 81-8128-530-1 | ||
| 082 | 1 | 4 | |a 572 |b COH-M |
| 100 | 1 | |a Cohen, George N . | |
| 245 | 1 | 0 | |a Microbial biochemistry / |
| 260 | |a New Delhi : |b Springer , |c 2005. | ||
| 300 | |a xxi,876p ; | ||
| 650 | 0 | |a Biochemistry | |
| 942 | |c BK | ||
| 999 | |c 31520 |d 31520 | ||
| 952 | |0 0 |1 0 |4 0 |6 572_000000000000000_COHM |7 0 |9 40375 |a KU |b KU |d 2015-07-05 |l 1 |o 572 COH-M |p LS00905 |r 2018-09-17 |s 2018-09-13 |y BK | ||